000
00468nam a2200145Ia 4500
008
151213s9999 xx 000 0 und d
100
_a
মোহাম্মদ রফিক।
245
_a
খোলা কবিতা।
_c
মোহাম্মদ রফিক।
260
_a
ঢাকা।
_b
সমষ্ট্
_c
1987
300
_a
8658 p.
650
_a
Bangla
650
_a
গল্প।
700
_a
মোহাম্মদ রফিক।
999
_c
4444
_d
4444